| Tag |
First Indicator |
Second Indicator |
Subfields |
| LEADER |
00000cam a2200000 4500 |
| 001 |
in00001079430 |
| 005 |
20150929105626.0 |
| 008 |
770204s1970 xx a 000 0 eng d |
| 019 |
|
|
|a 23731022
|
| 035 |
|
|
|a (OCoLC)02720336
|
| 035 |
|
|
|9 AFQ1284AM
|
| 040 |
|
|
|a AAA
|c YTM
|d m.c.
|d m/c
|d TXA
|d UtOrBLW
|
| 049 |
|
|
|a TXAM
|
| 090 |
|
|
|a TK5104
|b .D6 1970
|
| 100 |
1 |
|
|a Doyle, Walter.
|
| 245 |
1 |
0 |
|a Acquisition behavior of some adaptive arrays :
|b W. Doyle.
|
| 264 |
|
1 |
|a Santa Monica :
|b Rand,
|c 1970.
|
| 300 |
|
|
|a ix, 26 pages :
|b figs. ;
|c 28 cm.
|
| 336 |
|
|
|a text
|b txt
|2 rdacontent
|
| 337 |
|
|
|a unmediated
|b n
|2 rdamedia
|
| 338 |
|
|
|a volume
|b nc
|2 rdacarrier
|
| 500 |
|
|
|a A report prepared for National Aeronautics and Space Administration.
|
| 504 |
|
|
|a References: page 26.
|
| 500 |
|
|
|a "R-538-NASA"
|
| 500 |
|
|
|a "October 1970"
|
| 500 |
|
|
|a Contract numberNASw-1952.
|
| 650 |
|
0 |
|a Artificial satellites in telecommunication.
|
| 710 |
2 |
|
|a Rand Corporation.
|
| 999 |
|
|
|a MARS
|
| 999 |
f |
f |
|s c3e56d9d-0a4d-36f8-b7a8-6318c9611d69
|i 25f3a094-ebe6-3478-876c-3a4d6c42a523
|t 0
|
| 952 |
f |
f |
|p ric
|a Texas A&M University
|b Rellis Campus
|c Joint Library Facility
|d Remote Storage
|t 0
|e TK5104 .D6 1970
|h Library of Congress classification
|i unmediated -- volume
|m A14816043746
|
| 998 |
f |
f |
|a TK5104 .D6 1970
|t 0
|l Remote Storage
|